01008cam a22003614i 4500003000900000005001700009008004100026020001500067035002700082040003300109082002000142100003100162245008100193264005500274300003800329336002100367337002500388338002300413504002800436505005700464526001000521526001000531526001000541526001000551526000800561526000800569526000800577526000800585526000800593526000800601526000800609650002900617PE-LiUPU20250731173511.0150616s1994 miu rb 000 0 eng d a0801054257 a(Sirsi) i9780801054259 aPE-LiUPUbspacPE-LiUPUerda04a251.07bK172211 aKaiser, Walter C.,eautor.10aToward an Exegetical Theology; biblical exegesis for preaching and teaching. 1aGrand Rapids, Michigan :bBaker Book House,c1994. a268 páginas ;c24 centímetros atext2rdacontent aunmediated2rdamedia avolume2rdacarrier aIncluye bibliografía.0 aThe syntactical-theological method.- Special Issues. aSEG42 aSEG41 aSEG40 aSEG39 aP94 aP87 aP86 aP85 aP77 aP76 aP3504aSERMONES - ENSEÑANZAS.